| 000 | 00679nam a2200241Ia 4500 | ||
|---|---|---|---|
| 001 | dia_6764 | ||
| 003 | CHAP | ||
| 008 | 220117s1954 xx 000 0 und d | ||
| 010 | _a178069 | ||
| 040 | _cCHAP | ||
| 090 | _aF 152 1954 | ||
| 100 |
_aBracho, José María _914926 |
||
| 245 |
_aLas jefaturas técnicas de la zona del Banco Nacional de Crédito Ejidal, S. A. de C. V. / _c José María Bracho |
||
| 260 |
_aMéxico : _b Banco Nacional de Crédito Ejidal, _c1954 |
||
| 300 | _a62 p. | ||
| 503 | _aD. | ||
| 901 | _aF 152 1954 | ||
| 902 | _aM | ||
| 905 | _a0000001954 MX 0000000000SPA00 | ||
| 942 | _c12 | ||
| 942 | _c12 | ||
| 999 |
_c178069 _d178069 |
||